| 000 | 00792nas a2200241 4500 | ||
|---|---|---|---|
| 001 | BR9900601 | ||
| 003 | BR-BrBNA | ||
| 005 | 20231205101223.0 | ||
| 007 | ta | ||
| 008 | 230509b bl.|||p| |||| 00| 00por d | ||
| 040 |
_aBR-BrBNA _bpor _cBiblioteca Nacional de Agricultura |
||
| 041 | _a(Pt) | ||
| 072 | _aF02 | ||
| 100 | 1 | _aMarodin, G.A.B. | |
| 100 | 1 | _aRoman, A.E.B. | |
| 245 | 1 | _aA cianamida hidrogenada, o oleo mineral e o extrato de alho na quebra de dormencia e producao da ameixeira "Shiro" em Texcoco - Mexico | |
| 650 | _aAmeixa | ||
| 650 | _aQuebra da Dormencia | ||
| 650 | _aBrotacao Induzida | ||
| 773 | 0 |
_tPesquisa Agropecuaria Gaucha (Brazil) _xISSN 0104-9070 _g(1997), v. 3(2) p. 177-181 _wBR9900601 |
|
| 909 |
_a202311 _bLúcia _c55 _dLúcia Elande |
||
| 942 |
_2AGRIS _n0 _cANA |
||
| 999 |
_c160498 _d160498 |
||